| 000 | 00000nam 2200000za 4500 |
| 001 | 9.700395 |
| 003 | CaOODSP |
| 005 | 20230818114656 |
| 007 | cr ||||||||||| |
| 008 | 150407|1960||||xxc|||||o f|0| 0 eng d |
| 040 | |aCaOODSP|beng |
| 043 | |an-cn--- |
| 086 | 1 |aA53-1088/1960E-PDF |
| 110 | 1 |aCanada.|bAgriculture Canada.|bResearch Branch. |
| 245 | 10|aPlants of Prince Edward Island / |h[electronic resource]|cby David S. Erskine. |
| 260 | |aOttawa - Ontario : |bAgriculture Canada. |cc1960. |
| 300 | |a276p.|billus., references |
| 500 | |aHistorical publication digitized by Agriculture and Agri-Food Canada. |
| 590 | |a15-03-Supp|b2015-03-13 |
| 690 | 07|aPlant diseases|2gcpds |
| 720 | 1 |aErksine, David S. |
| 794 | |tThe plants of Prince Edward Island with new records, nomenclatural changes and corrections and deletions : |w(CaOODSP)9.700396 |
| 856 | 40|ahttp://publications.gc.ca|qPDF|s22,271 KB|uhttps://publications.gc.ca/collections/collection_2015/aac-aafc/A53-1088-1960-eng.pdf |
| 986 | |aPublication 1088 |